000 00629nam a22002057a 4500
999 _c13692
_d13692
003 AR-CdUCM
008 190327b ||||| |||| 00| 0 spa d
040 _aMUNICIPALIDAD PROVINCIAL DEL CUSCO
_cBIBLIOTECA MUNICIPAL DEL CUSCO
082 _a869.53 /
_bL25
100 _aLara, Jesús
_915806
245 _aLa poesía quechua /
260 _aMexico :
_bFondo de cultura económica,
_c1947.
300 _a168 paginas ;
_c22 cm.
505 _aContenido : Poesía
650 _aPoesía peruana
_9806
650 _aPoesía quechua
_911613
650 _aLiteratura Peruana
_9132
942 _2ddc
_cLIBROS
945 _awnts
_d2019-04-16